[Event "Managua Sub zt 2.3"]
[Site "Managua"]
[Date "2014.05.02"]
[Round "9"]
[White "Ampie, Mauro"]
[Black "Bermudez Vives, Sergio"]
[Result "0-1"]
[WhiteElo "2083"]
[BlackElo "2140"]
[PlyCount "57"]
[EventDate "2014.04.27"]
[EventType "swiss"]
[EventRounds "9"]
[EventCountry "NCA"]
[SourceTitle "EXT 2015"]
[Source "ChessBase"]
[SourceDate "2014.11.20"]
[SourceVersion "1"]
[SourceVersionDate "2014.11.20"]
[SourceQuality "1"]

1. e4 c5 2. Nc3 Nc6 3. f4 e6 4. Nf3 d5 5. Bb5 Nge7 6. exd5 exd5 7. Qe2 Bg4 8. Bxc6+ bxc6 9. d3 g6 10. 0-0 Bg7 11. Re1 Bxf3 12. Qxf3 0-0 13. Ne2 Rb8 14. c3 Re8 15. Ng3 f5 16. Qf2 Qd6 17. Ne2 Nc8 18. Rb1 Nb6 19. Be3 d4 20. cxd4 cxd4 21. Bxd4 Rxe2 22. Qxe2 Bxd4+ 23. Kh1 Nd5 24. g3 Kf7 25. a3 h5 26. h4 Nf6 27. Qg2 Rb3 28. Qe2 Qd5+ 29. Kh2 0-1

[Event "San Jose op"]
[Site "San Jose"]
[Date "2013.06.30"]
[Round "2"]
[White "Bermudez Vives, Sergio"]
[Black "Flores Rojas, Federico"]
[Result "1-0"]
[WhiteElo "2177"]
[BlackElo "1979"]
[PlyCount "127"]
[EventDate "2013.06.29"]
[EventType "swiss"]
[EventRounds "9"]
[EventCountry "CRI"]
[SourceTitle "EXT 2014"]
[Source "ChessBase"]
[SourceDate "2013.11.20"]
[SourceVersion "1"]
[SourceVersionDate "2013.11.20"]
[SourceQuality "1"]

1. e4 c5 2. c3 d5 3. exd5 Qxd5 4. d4 Nf6 5. Nf3 e6 6. Be2 Nc6 7. 0-0 Be7 8. Be3 cxd4 9. cxd4 0-0 10. Nc3 Qa5 11. Qb3 b6 12. a3 a6 13. Rfd1 b5 14. Rac1 Bb7 15. d5 exd5 16. Nxd5 Nxd5 17. Qxd5 Rad8 18. Qh5 b4 19. Qxa5 Nxa5 20. Bb6 Rxd1+ 21. Rxd1 Bxf3 22. gxf3 Nc6 23. axb4 Nxb4 24. Rd7 Re8 25. Bc4 Nc6 26. Bd5 Nb4 27. Bb3 Kf8 28. Bd4 Nc6 29. Bc3 Rc8 30. Rb7 f6 31. Bd5 Nd8 32. Rb6 Rc5 33. Be4 a5 34. Ra6 f5 35. Bd3 Nc6 36. Bxf5 Rxf5 37. Rxc6 Rxf3 38. Bxa5 Bh4 39. Bb6 Rb3 40. Bc5+ Ke8 41. Rb6 Rxb6 42. Bxb6 Bf6 43. b3 Kd7 44. Kg2 Kc6 45. Be3 Bc3 46. Bg5 Bb4 47. Kf3 Kd5 48. Be3 Bd6 49. h3 Bb4 50. Kf4 Be7 51. Bd2 Kd4 52. Kf5 Kd3 53. Ba5 Bc5 54. f4 Bd6 55. Bb6 Kc3 56. Be3 Kxb3 57. Ke6 Bb4 58. Bd4 Bd2 59. f5 Bh6 60. Kf7 g6 61. f6 Kc4 62. Bb2 Kd3 63. Kg8 Ke4 64. Kxh7 1-0

[Event "CRI-chT"]
[Site "San Jose"]
[Date "2012.07.26"]
[Round "5.5"]
[White "Bermudez Vives, Sergio"]
[Black "Hernandez Alvarez, Tania Regla"]
[Result "1-0"]
[WhiteElo "2132"]
[BlackElo "2226"]
[PlyCount "113"]
[EventDate "2012.07.22"]
[EventType "team-tourn"]
[EventRounds "9"]
[EventCountry "CRI"]
[SourceTitle "EXT 2013"]
[Source "ChessBase"]
[SourceDate "2012.11.22"]
[SourceVersion "1"]
[SourceVersionDate "2012.11.22"]
[SourceQuality "1"]
[WhiteTeam "Mapache"]
[BlackTeam "MegaSuper"]
[WhiteTeamCountry "CRI"]
[BlackTeamCountry "CRI"]

1. d4 g6 2. c4 c5 3. d5 Bg7 4. e4 d6 5. Bd3 Nf6 6. Nc3 0-0 7. Nf3 Bg4 8. h3 Bxf3 9. Qxf3 Nbd7 10. Qd1 a6 11. 0-0 e6 12. a4 exd5 13. cxd5 Re8 14. Bg5 Qc7 15. Re1 c4 16. Bf1 Rac8 17. Rc1 Qa5 18. Bd2 Qb6 19. Qc2 Nc5 20. Bxc4 Nfd7 21. b4 Bd4 22. bxc5 Rxc5 23. Qd3 Bxf2+ 24. Kxf2 Rxc4+ 25. Be3 Qc7 26. Ne2 Ne5 27. Qd2 Qe7 28. Nc3 Rb4 29. Kg1 Nc4 30. Qe2 b5 31. axb5 axb5 32. Rb1 Rxb1 33. Rxb1 Qe5 34. Qd3 Qg3 35. Nd1 f5 36. Rxb5 Rxe4 37. Rb8+ Kf7 38. Rb7+ Ke8 39. Qc3 Qe5 40. Bf2 h5 41. Rc7 Nb6 42. Qxe5+ Rxe5 43. Rc6 Nxd5 44. Rxd6 Ne7 45. Kf1 g5 46. Bd4 Rb5 47. Bf6 Nc8 48. Rd8+ Kf7 49. Bxg5 Rb1 50. Ke2 Nb6 51. Rb8 Rb4 52. Nc3 Rb2+ 53. Bd2 Ke6 54. Kd3 Na4 55. Rxb2 Nxb2+ 56. Kd4 Kf6 57. Bc1 1-0

[Event "CRI-ch"]
[Site "San Jose"]
[Date "2010.08.05"]
[Round "9"]
[White "Carvajal Gorgona, Jonathan G"]
[Black "Bermudez Vives, Sergio"]
[Result "0-1"]
[WhiteElo "2186"]
[BlackElo "2183"]
[PlyCount "50"]
[EventDate "2010.07.26"]
[EventType "tourn"]
[EventRounds "13"]
[EventCountry "CRI"]
[SourceTitle "CBM 137 Extra"]
[Source "ChessBase"]
[SourceDate "2010.09.01"]
[SourceVersion "1"]
[SourceVersionDate "2010.09.01"]
[SourceQuality "1"]

1. e4 c5 2. Nc3 Nc6 3. Bb5 Na5 4. Be2 e6 5. Nf3 a6 6. a4 d6 7. 0-0 Nf6 8. d4 cxd4 9. Nxd4 Be7 10. f4 Qc7 11. Qd3 0-0 12. b4 Nc6 13. Nxc6 bxc6 14. Be3 Bb7 15. Bf3 Rfd8 16. Qe2 d5 17. Qf2 c5 18. e5 d4 19. Bxd4 Rxd4 20. exf6 Bxf6 21. Bxb7 Qxb7 22. bxc5 Rc4 23. Rab1 Qxb1 24. Rxb1 Bd4 25. Qxd4 Rxd4 0-1

[Event "CRI-ch"]
[Site "San Jose"]
[Date "2010.08.01"]
[Round "6"]
[White "Bermudez Vives, Sergio"]
[Black "Gonzalez Acosta, Bernal Manuel"]
[Result "0-1"]
[WhiteElo "2183"]
[BlackElo "2423"]
[PlyCount "59"]
[EventDate "2010.07.26"]
[EventType "tourn"]
[EventRounds "13"]
[EventCountry "CRI"]
[SourceTitle "CBM 137 Extra"]
[Source "ChessBase"]
[SourceDate "2010.09.01"]
[SourceVersion "1"]
[SourceVersionDate "2010.09.01"]
[SourceQuality "1"]

1. e4 c6 2. d4 d5 3. Nc3 dxe4 4. Nxe4 Nd7 5. Bc4 Ngf6 6. Ng5 e6 7. Qe2 Nb6 8. Bb3 a5 9. c3 h6 10. N5f3 a4 11. Bc2 c5 12. dxc5 Nbd7 13. Bf4 Nd5 14. Bd6 Bxd6 15. cxd6 a3 16. Bb3 Nf4 17. Qc4 axb2 18. Rb1 Qf6 19. Rxb2 b5 20. Qe4 Rb8 21. Rd2 Bb7 22. Qd4 e5 23. Qb4 Nxg2+ 24. Kf1 Bxf3 25. Nxf3 Qxf3 26. Rg1 Ne3+ 27. Ke1 Nc4 28. Bd1 Qf4 29. Re2 0-0 30. Rg3 0-1

[Event "CRI-ch Phase1 72nd"]
[Site "Moravia"]
[Date "2008.05.24"]
[Round "8"]
[White "Bermudez Vives, Sergio"]
[Black "Ugalde Garcia, Ronald"]
[Result "1/2-1/2"]
[WhiteElo "2180"]
[BlackElo "2142"]
[PlyCount "138"]
[EventDate "2008.05.17"]
[EventType "swiss"]
[EventRounds "9"]
[EventCountry "CRI"]
[SourceTitle "EXT 2009"]
[Source "ChessBase"]
[SourceDate "2008.11.26"]
[SourceVersion "1"]
[SourceVersionDate "2008.11.26"]
[SourceQuality "1"]

1. d4 d5 2. c4 e6 3. Nc3 Nf6 4. Bg5 Nbd7 5. cxd5 exd5 6. e3 c6 7. Bd3 Be7 8. Qc2 h6 9. Bh4 0-0 10. Nge2 Re8 11. 0-0 Ne4 12. Bxe7 Qxe7 13. Rae1 Qh4 14. f3 Nd6 15. e4 Nc4 16. Ng3 Nf8 17. Qf2 Be6 18. b3 Nb6 19. e5 g5 20. Nce2 Ng6 21. Qe3 c5 22. dxc5 Nd7 23. Bxg6 fxg6 24. Nc1 Qf4 25. Nd3 Qxe3+ 26. Rxe3 h5 27. f4 h4 28. Ne2 Bf5 29. Nec1 Be4 30. b4 gxf4 31. Rxf4 Nxe5 32. Nxe5 Rxe5 33. Nb3 Rf8 34. Rxf8+ Kxf8 35. Nd4 Ke8 36. Ra3 Rg5 37. g3 Rg4 38. Kf2 Bb1 39. Nf3 hxg3+ 40. hxg3 Rxb4 41. Rxa7 Rb2+ 42. Ke3 Bxa2 43. Kd4 Rf2 44. Ne5 Rd2+ 45. Kc3 Rg2 46. Rxb7 Rxg3+ 47. Kd4 Rg1 48. c6 Bb1 49. Kc5 Bf5 50. Kd6 Rb1 51. Re7+ Kf8 52. Nd7+ Kg8 53. c7 Rc1 54. Re8+ Kf7 55. c8Q Rxc8 56. Rxc8 d4 57. Ne5+ Kf6 58. Rc4 d3 59. Rd4 g5 60. Nxd3 Bxd3 61. Rxd3 Kf5 62. Rd1 g4 63. Kd5 Kf4 64. Rd4+ Kf3 65. Ke5 g3 66. Rd3+ Kf2 67. Kf4 g2 68. Rd2+ Kg1 69. Kf3 Kh1 1/2-1/2

[Event "CRI-ch Phase1 72nd"]
[Site "Moravia"]
[Date "2008.05.22"]
[Round "6"]
[White "Bermudez Vives, Sergio"]
[Black "Solis, Enrique"]
[Result "1-0"]
[WhiteElo "2180"]
[BlackElo "2120"]
[PlyCount "59"]
[EventDate "2008.05.17"]
[EventType "swiss"]
[EventRounds "9"]
[EventCountry "CRI"]
[SourceTitle "EXT 2009"]
[Source "ChessBase"]
[SourceDate "2008.11.26"]
[SourceVersion "1"]
[SourceVersionDate "2008.11.26"]
[SourceQuality "1"]

1. d4 d5 2. c4 c6 3. Nf3 Nf6 4. Nc3 e6 5. Bg5 Be7 6. cxd5 exd5 7. Qc2 Bg4 8. e3 Nbd7 9. Bd3 h6 10. Bf4 Bxf3 11. gxf3 g5 12. Bg3 Nh5 13. 0-0-0 Nxg3 14. hxg3 Kf8 15. Kb1 Kg7 16. e4 Nf6 17. e5 Nd7 18. f4 Qa5 19. f5 f6 20. e6 Nb6 21. Qe2 Rh7 22. f4 Rah8 23. Qh5 Kf8 24. fxg5 hxg5 25. Qg6 Na4 26. Rxh7 Nxc3+ 27. bxc3 Rxh7 28. Qxh7 Qb6+ 29. Kc2 Ke8 30. Qg8+ 1-0

[Event "CRI-ch 68th"]
[Site "San Jose"]
[Date "2005.07.06"]
[Round "4"]
[White "Gonzalez Acosta, Bernal Manuel"]
[Black "Bermudez Vives, Sergio"]
[Result "1-0"]
[WhiteElo "2405"]
[BlackElo "2223"]
[PlyCount "101"]
[EventDate "2005.07.02"]
[EventType "tourn"]
[EventRounds "13"]
[EventCountry "CRI"]
[SourceTitle "CBM 107 Extra"]
[Source "ChessBase"]
[SourceDate "2005.09.01"]
[SourceVersion "1"]
[SourceVersionDate "2005.09.01"]
[SourceQuality "1"]

1. f4 d5 2. Nf3 Nf6 3. g3 Bg4 4. Bg2 Nbd7 5. Ne5 Bf5 6. 0-0 c6 7. d4 e6 8. Nd2 Bd6 9. e3 0-0 10. h3 Ne4 11. g4 Nxd2 12. Bxd2 Be4 13. Bxe4 dxe4 14. Nc4 Be7 15. a4 Rc8 16. b4 Nb6 17. Nxb6 Qxb6 18. c4 Qc7 19. Qe2 f5 20. Kh1 b6 21. c5 Rb8 22. Qc4 Qd7 23. cxb6 Rxb6 24. Rac1 Qd5 25. a5 Rbb8 26. Rg1 Rfc8 27. gxf5 Qxf5 28. Kh2 Rb5 29. Rg2 Kf7 30. Be1 a6 31. Rgc2 Ke8 32. Qe2 Kd7 33. Rc4 Bd6 34. Qc2 Qd5 35. Kh1 g5 36. fxg5 Qxg5 37. Qxe4 Rf5 38. Bh4 Qh5 39. Rxc6 Rf1+ 40. Rxf1 Rxc6 41. Qg4 Qxg4 42. hxg4 Bxb4 43. Rf7+ Kc8 44. Rxh7 Bd2 45. Bf2 e5 46. dxe5 Rg6 47. Rh4 Bxa5 48. Kg2 Bd8 49. Rh8 Rxg4+ 50. Kf3 Rc4 51. e6 1-0

[Event "CRI-ch 68th"]
[Site "San Jose"]
[Date "2005.07.02"]
[Round "1"]
[White "Alfaro Murillo, Carlos Andres"]
[Black "Bermudez Vives, Sergio"]
[Result "0-1"]
[WhiteElo "1931"]
[BlackElo "2223"]
[PlyCount "72"]
[EventDate "2005.07.02"]
[EventType "tourn"]
[EventRounds "13"]
[EventCountry "CRI"]
[SourceTitle "CBM 107 Extra"]
[Source "ChessBase"]
[SourceDate "2005.09.01"]
[SourceVersion "1"]
[SourceVersionDate "2005.09.01"]
[SourceQuality "1"]

1. e4 c5 2. c3 Nf6 3. e5 Nd5 4. d4 cxd4 5. Qxd4 e6 6. Bc4 Nc6 7. Qe4 f5 8. Qe2 Nb6 9. Bb3 Be7 10. Nf3 0-0 11. 0-0 Na5 12. Bc2 d6 13. Rd1 Qc7 14. Bf4 Nd5 15. exd6 Nxf4 16. Qe5 Bxd6 17. Qxd6 Qxd6 18. Rxd6 Nc4 19. Rd1 Nxb2 20. Re1 Nbd3 21. Rd1 Nc5 22. g3 Nd5 23. Nd4 f4 24. Nb3 Nxb3 25. axb3 fxg3 26. hxg3 Bd7 27. c4 Nf6 28. Nc3 Bc6 29. Rd2 a6 30. Re2 Rad8 31. Rxe6 Ng4 32. Rf1 Bf3 33. Ne4 h6 34. Re7 b5 35. c5 Rd5 36. b4 Rh5 0-1

[Event "CRI-ch qual"]
[Site "San Jose"]
[Date "2005.06.15"]
[Round "4"]
[White "Centeno, Erick"]
[Black "Bermudez Vives, Sergio"]
[Result "0-1"]
[WhiteElo "2072"]
[BlackElo "2127"]
[PlyCount "102"]
[EventDate "2005.06.??"]
[EventType "swiss"]
[EventRounds "9"]
[EventCountry "CRI"]
[SourceTitle "EXT 2006"]
[Source "ChessBase"]
[SourceDate "2005.11.24"]
[SourceVersion "1"]
[SourceVersionDate "2005.11.24"]
[SourceQuality "1"]

1. e4 e5 2. Nf3 Nc6 3. d4 exd4 4. Nxd4 Bc5 5. Be3 Qf6 6. c3 Nge7 7. Bc4 b6 8. 0-0 Bb7 9. Nb5 0-0-0 10. Bxc5 bxc5 11. Bd5 a6 12. N5a3 Nxd5 13. exd5 Ne7 14. c4 Qxb2 15. Nc2 c6 16. Qd2 Qf6 17. Nc3 cxd5 18. cxd5 d6 19. Rab1 Rd7 20. Rb6 Ng6 21. Rfb1 Nf4 22. Kh1 Re8 23. Ne3 Re5 24. Na4 Qg5 25. Nc3 Qg6 26. g3 Rxd5 27. Nexd5 Nxd5 28. Rxb7 Rxb7 29. Rxb7 Nxc3 30. Rb6 Qe4+ 31. Kg1 Ne2+ 32. Kf1 Nd4 33. f3 Qxf3+ 34. Qf2 Qh1+ 35. Qg1 Qe4 36. Qf2 Kc7 37. Rb2 f5 38. h4 d5 39. Qf4+ Kc6 40. Qxe4 fxe4 41. Kf2 Nf5 42. Rb8 d4 43. Rf8 g6 44. h5 Kd5 45. hxg6 hxg6 46. g4 Ne3 47. g5 Ke5 48. Ra8 Kf4 49. Rxa6 c4 50. a4 c3 51. a5 c2 0-1

[Event "San Jose zt 2.3.c2"]
[Site "San Jose"]
[Date "2004.09.11"]
[Round "8"]
[White "Bermudez Vives, Sergio"]
[Black "Gonzalez Acosta, Bernal Manuel"]
[Result "1-0"]
[WhiteElo "2178"]
[BlackElo "2420"]
[PlyCount "71"]
[EventDate "2004.09.05"]
[EventType "swiss"]
[EventRounds "9"]
[EventCountry "CRI"]
[SourceTitle "CBM 102 Extra"]
[Source "ChessBase"]
[SourceDate "2004.11.03"]
[SourceVersion "1"]
[SourceVersionDate "2004.11.03"]
[SourceQuality "1"]

1. e4 c5 2. Nf3 Nc6 3. d4 cxd4 4. Nxd4 g6 5. c4 Bg7 6. Be3 Nf6 7. Nc3 0-0 8. Be2 d6 9. 0-0 Bd7 10. Qd2 Nxd4 11. Bxd4 Bc6 12. Bd3 a5 13. Rae1 a4 14. Kh1 Qa5 15. f4 Rad8 16. h3 a3 17. b4 Qh5 18. Be2 Qh6 19. Bf3 Nh5 20. Bxh5 Qxh5 21. Bxg7 Kxg7 22. Re3 Rc8 23. g4 Qh4 24. f5 f6 25. Qd4 Be8 26. Nd5 Bf7 27. Rff3 Rfe8 28. Kg2 h5 29. Rg3 g5 30. Rxa3 hxg4 31. Rxg4 Qe1 32. Rxg5+ Kh6 33. Rg4 Qe2+ 34. Kh1 Rxc4 35. Rh4+ Kg5 36. Qg1+ 1-0

[Event "CRI-ch 67th"]
[Site "Cenfotec"]
[Date "2003.06.20"]
[Round "7"]
[White "Solis Gaitan, Efren"]
[Black "Bermudez Vives, Sergio"]
[Result "1-0"]
[WhiteElo "2143"]
[BlackElo "2160"]
[PlyCount "117"]
[EventDate "2003.06.13"]
[EventType "swiss"]
[EventRounds "11"]
[EventCountry "CRI"]
[SourceTitle "CBM 094 Extra"]
[Source "ChessBase"]
[SourceDate "2003.07.09"]
[SourceVersion "2"]
[SourceVersionDate "2003.07.09"]
[SourceQuality "1"]

1. d4 f5 2. c4 Nf6 3. Nc3 e6 4. a3 b6 5. f3 Bb7 6. e3 Be7 7. Bd3 0-0 8. Nge2 Qe8 9. b4 Qh5 10. Nf4 Qh4+ 11. g3 Qh6 12. 0-0 g5 13. Ng2 Qh3 14. Ra2 h5 15. e4 fxe4 16. Nxe4 Nxe4 17. fxe4 Nc6 18. Rxf8+ Rxf8 19. Ne3 Nxd4 20. Bf1 Rxf1+ 21. Nxf1 Bf6 22. Bxg5 Bg7 23. Be3 c5 24. Nd2 h4 25. Qh5 Nf5 26. Bf2 Nh6 27. Qe8+ Kh7 28. Qh5 Kg8 29. Qg6 hxg3 30. Bxg3 Nf5 31. Nf3 Bxe4 32. Ng5 Qf1+ 33. Kxf1 Nxg3+ 34. hxg3 Bxg6 35. Ke2 Bc3 36. bxc5 bxc5 37. Nf3 d5 38. cxd5 exd5 39. Ke3 Kf7 40. Kf4 Ke6 41. Re2+ Kd6 42. Rh2 Bg7 43. Nh4 Be5+ 44. Kg4 Be4 45. Nf3 Bg7 46. Kf4 c4 47. Ke3 Kc5 48. Ng5 Bd4+ 49. Kf4 Bg1 50. Nxe4+ dxe4 51. Rg2 Bd4 52. Kxe4 Bg7 53. Rh2 a5 54. Rh5+ Kb6 55. a4 Bc3 56. g4 Bd2 57. Rb5+ Kc6 58. g5 Bc3 59. g6 1-0

[Event "CRI-ch 67th"]
[Site "Cenfotec"]
[Date "2003.06.17"]
[Round "5"]
[White "Valdes Romero, Leonardo"]
[Black "Bermudez Vives, Sergio"]
[Result "1-0"]
[WhiteElo "2404"]
[BlackElo "2160"]
[PlyCount "55"]
[EventDate "2003.06.13"]
[EventType "swiss"]
[EventRounds "11"]
[EventCountry "CRI"]
[SourceTitle "CBM 094 Extra"]
[Source "ChessBase"]
[SourceDate "2003.07.09"]
[SourceVersion "2"]
[SourceVersionDate "2003.07.09"]
[SourceQuality "1"]

1. e4 e5 2. Nf3 Nc6 3. Bb5 a6 4. Ba4 Nf6 5. 0-0 b5 6. Bb3 Be7 7. Re1 0-0 8. d4 d6 9. c3 Bg4 10. d5 Na5 11. Bc2 c5 12. h3 Bh5 13. Nbd2 Qd7 14. Qe2 c4 15. b4 cxb3 16. axb3 Nb7 17. b4 a5 18. Bb2 Rfb8 19. Bd3 Nd8 20. Rxa5 Rxa5 21. bxa5 Ne8 22. Nxe5 dxe5 23. Qxh5 Nb7 24. Qxe5 Bd6 25. Qh5 Nc5 26. Bc2 Qe7 27. Nf3 Nf6 28. Qh4 1-0